[Event "Eastern Asia-ch U16"]
[Site "Tornelo INT"]
[Date "2021.10.30"]
[Round "4"]
[White "Mujahid, Bin Yazeed"]
[Black "Hisham, Nik Emer"]
[Result "0-1"]
[WhiteElo "1189"]
[BlackElo "1535"]
[PlyCount "140"]
[EventDate "2021.10.29"]
[EventType "swiss"]
[EventRounds "9"]
[EventCountry "NET"]
[SourceTitle "CBM 205 Extra"]
[Source "ChessBase"]
[SourceDate "2022.01.31"]
[SourceVersion "1"]
[SourceVersionDate "2022.01.31"]
[SourceQuality "1"]

1. f4 e5 2. fxe5 d6 3. Nf3 g5 4. d4 g4 5. Ng5 d5 6. e6 fxe6 7. e4 h5 8. h3 Bh6 9. h4 dxe4 10. Bc4 Nf6 11. Nxe6 Bxe6 12. Bxe6 Qd6 13. Bxh6 Rxh6 14. Bc4 Qg3+ 15. Kf1 Nfd7 16. Qe2 Rf6+ 17. Kg1 e3 18. Rh2 Nc6 19. c3 0-0-0 20. Na3 Rf2 21. Qe1 Rdf8 22. Bd3 e2 23. Bxe2 Qe3 24. Kh1 Rxe2 25. Qg1 Qd2 26. Nc4 Qd3 27. b3 g3 28. Rh3 Rff2 29. Rd1 Qf5 30. Rxg3 Qf4 31. Rg8+ Nd8 32. Qh2 Rf1+ 33. Rxf1 Qxf1+ 34. Qg1 Qxg1+ 35. Kxg1 Rxa2 36. Rh8 b5 37. Ne3 Nf6 38. Rh6 Re2 39. Nf5 Re6 40. d5 Rb6 41. d6 Ng4 42. Rxh5 cxd6 43. Rg5 Nf6 44. Rg6 d5 45. Rh6 Nf7 46. Rg6 Ne5 47. Rg7 Ned7 48. g4 b4 49. cxb4 Rxb4 50. g5 Rg4+ 51. Kh2 Ne4 52. g6 Ne5 53. Rg8+ Kb7 54. h5 Nf6 55. Rh8 Rg5 56. Nd6+ Kc6 57. Nf7 Nf3+ 58. Kh3 Rxh5+ 59. Rxh5 Nxh5 60. Kg4 Ng7 61. Kxf3 Kc5 62. Ne5 Kb4 63. Nc6+ Kxb3 64. Nxa7 d4 65. Ke2 Kc2 66. Nb5 d3+ 67. Ke3 Nf5+ 68. Kf2 d2 69. Na3+ Kc1 70. g7 Nxg7 0-1

[Event "Online Olym Div4 A"]
[Site "Chess.com INT"]
[Date "2021.08.21"]
[Round "5.2"]
[White "Mujahid, Bin Yazeed"]
[Black "Al Busaidi, Hamood"]
[Result "0-1"]
[WhiteElo "1189"]
[BlackElo "1651"]
[PlyCount "96"]
[EventDate "2021.08.20"]
[EventType "team (rapid)"]
[EventRounds "11"]
[EventCountry "USA"]
[SourceTitle "CBM 203 Extra"]
[Source "ChessBase"]
[SourceDate "2021.09.30"]
[SourceVersion "1"]
[SourceVersionDate "2021.09.30"]
[SourceQuality "1"]
[WhiteTeam "Maldives"]
[BlackTeam "Oman"]
[WhiteTeamCountry "MDV"]
[BlackTeamCountry "OMN"]

1. f4 Nf6 2. Nf3 g6 3. e3 Bg7 4. Bc4 d5 5. Be2 0-0 6. 0-0 c5 7. Nc3 Nc6 8. Rb1 d4 9. Na4 b6 10. exd4 Nxd4 11. Nc3 Bb7 12. d3 Qc7 13. Nxd4 cxd4 14. Nb5 Qc5 15. Na3 Rfd8 16. Bf3 Nd5 17. Nc4 Rac8 18. Qe2 b5 19. Na3 Ba8 20. Bd2 a6 21. g3 Nc3 22. bxc3 dxc3+ 23. Be3 Qxa3 24. Bxa8 Rxa8 25. Ra1 e6 26. Qf2 Rac8 27. Rfb1 Qd6 28. Re1 Rd7 29. Rad1 Qd5 30. a3 Bf8 31. Ra1 a5 32. Bb6 Rb8 33. Re5 Qc6 34. Ba7 Ra8 35. Bc5 f6 36. Bxf8 fxe5 37. Bh6 e4 38. dxe4 Qxe4 39. Re1 Qf5 40. Qf3 Rad8 41. g4 Qc5+ 42. Kh1 Rd2 43. Qe4 Qd5 44. Qxd5 R8xd5 45. Rxe6 Kf7 46. Rb6 Rxc2 47. Rb7+ Ke6 48. Rxh7 Rd1# 0-1

[Event "Asia Nations online Cup"]
[Site "Chess.com INT"]
[Date "2020.10.18"]
[Round "9.17"]
[White "Al Busaidi, Hamood"]
[Black "Mujahid, Bin Yazeed"]
[Result "0-1"]
[WhiteElo "1651"]
[BlackElo "1189"]
[PlyCount "62"]
[EventDate "2020.10.10"]
[EventType "team-swiss (rapid)"]
[EventRounds "9"]
[EventCountry "IND"]
[SourceTitle "CBM 198 Extra"]
[Source "ChessBase"]
[SourceDate "2020.11.30"]
[SourceVersion "1"]
[SourceVersionDate "2020.11.30"]
[SourceQuality "1"]
[WhiteTeam "Oman"]
[BlackTeam "Maldives"]
[WhiteTeamCountry "OMN"]
[BlackTeamCountry "MDV"]

1. Nf3 f5 2. d3 Nf6 3. g3 e6 4. Bg2 Be7 5. 0-0 0-0 6. c4 c5 7. Nc3 Nc6 8. Bf4 d6 9. a3 e5 10. Bg5 Be6 11. Rb1 a5 12. e4 h6 13. Bxf6 Bxf6 14. exf5 Bxf5 15. Nd5 e4 16. dxe4 Bxe4 17. Re1 Bxb1 18. Qxb1 Ne7 19. Nd2 Nxd5 20. Bxd5+ Kh8 21. Qg6 Bd4 22. Ne4 Qe8 23. Qxd6 Bxf2+ 24. Kg2 Bxe1 25. Qxc5 Qh5 26. Qe3 Rae8 27. Qxe1 Qf3+ 28. Kg1 Qd3 29. Qc1 Rxe4 30. Bxe4 Qxe4 31. c5 Qd4+ 0-1

[Event "Asia Nations online Cup"]
[Site "Chess.com INT"]
[Date "2020.10.10"]
[Round "3.14"]
[White "Sibt, Ali"]
[Black "Mujahid, Bin Yazeed"]
[Result "1-0"]
[WhiteElo "2071"]
[BlackElo "1189"]
[PlyCount "95"]
[EventDate "2020.10.10"]
[EventType "team-swiss (rapid)"]
[EventRounds "9"]
[EventCountry "IND"]
[SourceTitle "CBM 198 Extra"]
[Source "ChessBase"]
[SourceDate "2020.11.30"]
[SourceVersion "1"]
[SourceVersionDate "2020.11.30"]
[SourceQuality "1"]
[WhiteTeam "Pakistan"]
[BlackTeam "Maldives"]
[WhiteTeamCountry "PAK"]
[BlackTeamCountry "MDV"]

1. d4 f5 2. c4 e6 3. Nc3 Nf6 4. Bg5 Be7 5. Nf3 0-0 6. Bxf6 Bxf6 7. e4 fxe4 8. Nxe4 d5 9. Nxf6+ Qxf6 10. Bd3 Nc6 11. 0-0 Bd7 12. Rc1 Rad8 13. a3 Kh8 14. c5 Be8 15. Bb5 e5 16. Bxc6 Bxc6 17. Nxe5 Bb5 18. Ng4 Qf4 19. g3 Qf5 20. Re1 Be8 21. f4 Bh5 22. Ne3 Qh3 23. Qd2 Bg6 24. Qg2 Qd7 25. Nf1 Be4 26. Qd2 Qg4 27. Qe2 Qh3 28. Rc3 c6 29. Re3 Rf6 30. Nd2 Qf5 31. Nxe4 dxe4 32. Rxe4 Rff8 33. Qe3 Qf7 34. Rc1 Rd7 35. Re1 h6 36. Re7 Qd5 37. Rxd7 Qxd7 38. Qe5 Rd8 39. Re4 Qg4 40. f5 Qd1+ 41. Kg2 Qd2+ 42. Kh3 Qxb2 43. f6 Qb3 44. fxg7+ Kg8 45. Qf6 Qd5 46. Re5 Qd7+ 47. Kg2 Qf7 48. Qxd8+ 1-0